000 00302nam a22001337a 4500
008 170731b xxu||||| |||| 00| 0 eng d
020 _a9780735700505
041 _aeng
080 _a004
100 _a32
101 _aSHK
245 _a3D STUDIO MAX 3 MEDIA ANIMATION
_cCHISMAR,J,P
942 _2udc
_cBK
999 _c22313
_d22313